Statistics for Miami Dolphins Trivia

Click here to take the quiz!

General Stats

  • This quiz has been taken 654 times
    (424 since last reset)
  • The average score is 10 of 15

Answer Stats

QuestionAnswer% Correct
Dolphins current starting quarterbackTua Tagovailoa
99%
Former quarterback who once held the NFL records for single-season
and career passing yards
Dan Marino
94%
Team which the Dolphins scored 70 points against in 2023
Denver Broncos
92%
Receivers who combined for more than 3,000 yards in 2022Tyreek Hill
92%
Current head coachMike McDaniel
86%
Receivers who combined for more than 3,000 yards in 2022Jaylen Waddle
83%
The Dolphins' home stadiumHard Rock Stadium
77%
Dolphins starting quarterback from 2012–2018Ryan Tannehill
73%
Former head coach who holds the NFL record for wins as a coachDon Shula
65%
Quarterback who led the Dolphins to the NFL's only perfect season in 1972Bob Griese
58%
Movie about the theft of the Dolphins mascot
Ace Ventura: Pet
Detective
49%
Camera shy running back set the team's single-season rushing record in 2002
Ricky Williams
46%
Formation which the overmatched Dolphins use to defeat the Patriots
in a famous 2008 game
Wildcat
46%
The team's first stadium which hosted five Super BowlsOrange Bowl
42%
The Dolphins all-time sacks leaderJason Taylor
37%

Score Distribution

Percentile by Number Answered

Percent of People with Each Score

Your Score History

You have not taken this quiz since the last reset